Ventall ofert per les biblioteques públiques de la Diputació de Barcelona
Publicado:
Barcelona :
Diputació de Barcelona. Xarxa de Biblioteques Municipals : Tretzevents ,
2001
Descripción Física:
20 cm
Materias:
Ventalls
MARC
| LEADER | 00000nrm a2200000Ia 4500 | ||
|---|---|---|---|
| 001 | 18324, 18325, 18326, 18327, 18328, 18329, 23985 | ||
| 008 | 160829s2001 - xx 000 0 cat d | ||
| 080 | |a NBM-1-1, NBM-1-2, NBM-1-3, NBM-1-4, NBM-1-5, NBM-1-6, NBM-6-22 | ||
| 245 | |a Ventall ofert per les biblioteques públiques de la Diputació de Barcelona |h [Ventall] | ||
| 260 | |a Barcelona : |b Diputació de Barcelona. Xarxa de Biblioteques Municipals : |b Tretzevents, |c 2001 - | ||
| 300 | |a 20 cm | ||
| 500 | |a Títol facilitat pel catalogador | ||
| 590 | |a Ventalls de cartó de color. | ||
| 590 | |a A partir del 2013, canvia l'editorial Tretzevents i passa a ser: Publicacions de l'Abadia de Montserrat | ||
| 655 | 0 | |9 52933 |a Ventalls | |
| 710 | 1 | |a Barcelona (Catalunya : Província). |b Xarxa de Biblioteques Municipals |9 52650 | |
| 866 | |a 2001, 2002, 2003, 2004, 2005, 2006, 2013 | ||
| 901 | |a Arxiu | ||
| 942 | |n 1 |2 udc | ||
| 952 | |0 0 |1 0 |4 0 |6 NBM11_NBM12_NBM13_NBM14_NBM15_NBM16_NBM622 |7 1 |9 55090 |a Arxiu |b Arxiu |d 2016-12-01 |l 0 |o NBM-1-1, NBM-1-2, NBM-1-3, NBM-1-4, NBM-1-5, NBM-1-6, NBM-6-22 |p 18324, 18325, 18326, |r 2016-12-01 00:00:00 |w 2016-12-01 |y ARXIU | ||
| 999 | |c 58962 |d 58962 | ||